000 00269nam a2200109Ia 4500
008 200302s9999 xx 000 0 und d
100 _aThe Course Team
245 _aThe City as A Social System
260 _bThe Open University Press
260 _c1973
300 _a162 P.,
999 _c5297
_d5297